Socioeconomic Determinants of Environmental Efficiency: The Case of the European Union

Hlavným cieľom štúdie je posúdiť a zhodnotiť modely sociálno-ekonomických determinantov environmentálnej efektívnosti v krajinách Európskej únie od roku 2010 do roku 2018. Implementuje sa dvojkroková analýza obalovania údajov s použitím predpokladu konštantných aj variabilných výnosov z rozsahu. Okr...

Descrizione completa

Salvato in:
Dettagli Bibliografici
Autore principale: Lacko, Roman, 1988-
Altri autori: Hajduová, Zuzana, 1974-, Markovič, Peter, 1974-
Natura: Capitolo di libro
Lingua:inglese
Soggetti:
Tags: Aggiungi Tag
Nessun Tag, puoi essere il primo ad aggiungerne!!

MARC

LEADER 00000naa a2200000 4500
001 0290387
005 20240502083939.7
041 0 |a eng 
044 |a DE 
245 1 0 |a Socioeconomic Determinants of Environmental Efficiency: The Case of the European Union  |c Roman Lacko, Zuzana Hajduová, Peter Markovič 
520 |a Hlavným cieľom štúdie je posúdiť a zhodnotiť modely sociálno-ekonomických determinantov environmentálnej efektívnosti v krajinách Európskej únie od roku 2010 do roku 2018. Implementuje sa dvojkroková analýza obalovania údajov s použitím predpokladu konštantných aj variabilných výnosov z rozsahu. Okrem toho sú prezentované výsledky modelu determinantov environmentálnej efektívnosti zo štyroch oblastí – turizmus, obehové hospodárstvo, využívanie energie a zdrojov a kvalita života. Na základe našich zistení možno konštatovať, že je potrebné rozvíjať koncept trvalo udržateľného cestovného ruchu, pretože enormný nárast zahraničných turistov poškodzuje environmentálnu efektívnosť. Taktiež je potrebné postupne transformovať ekonomiky na energeticky menej náročné smerom k znalostným ekonomikám. 
610 2 0 |a ruch cestovný 
610 2 0 |a rozvoj trvalo udržateľný 
610 2 0 |a analýza obaľovania dát 
610 2 0 |a kvalita života 
610 2 0 |a efektívnosť 
100 1 |a Lacko, Roman, 1988- 
700 1 |a Hajduová, Zuzana, 1974- 
700 1 |a Markovič, Peter, 1974-